Dům u vody = (The Precious Bane) : román /

Hlavní autor: Webb, Mary
Další autoři: Kučerová, Anna, 1896-1975
Jazyk: Čeština
Vydáno: V Praze : Melantrich, 1937
Edice: Epika, knihovna světových románů
Externí odkaz: Digitalizovaný dokument
Fyzický popis: 293, [III] s. ; 8°
Knihy
Uloženo v:
LEADER 01186nam a22003132a 4500
001 001724195
003 CZ BrMZK
005 20200107064942.0
007 ta
008 200107s1937 xr er|||||||||||cze d
015 |a cnb000801673 
035 |a (OCoLC)85589814 
040 |a ABA001  |b cze  |c CBA001  |d ABA001 
041 1 |a cze  |h eng 
100 1 |a Webb, Mary  |4 aut 
245 1 0 |a Dům u vody =  |b (The Precious Bane) : román /  |c Mary Webb ; [z angličtiny přeložila Anna Kučerová] 
246 3 0 |a The Precious Bane 
260 |a V Praze :  |b Melantrich,  |c 1937 
300 |a 293, [III] s. ;  |c 8° 
490 1 |a Epika, knihovna světových románů ;  |v sv. 6 
500 |a Frontispice od Vojtěcha Sedláčka 
500 |a Dostupné též v digitální podobě v aplikaci Kramerius 
700 1 |a Kučerová, Anna,  |d 1896-1975  |7 jk01070604  |4 trl 
830 0 |a Epika, knihovna světových románů 
856 4 1 |u http://www.digitalniknihovna.cz/mzk/uuid/uuid:783cbd60-3151-11ea-a83e-005056827e51  |y Digitalizovaný dokument  |x NDK 
910 |a BOA001  |b 1-0148.908,6 
990 |a BK 
991 |b 202001 
996 6 |b 2618997153  |c 1-0148.908,6  |l MZK  |r Sklad / do 1 hodiny  |n 0  |w 001775662  |u 000010  |a 1  |e BOA001  |j MZK50  |s P